000 00532nam a2200193 a 4500
001 1772188197749
003 YourLibrary
005 20260227160154.0
008 260227s1997##################000#0#eng##
020 _a9780521458917
082 0 4 _a324.63
_bMAN
100 1 _aManin, Bernard,
_eauthor.
245 1 0 _aThe Principles of Representative Government :
260 _bCambridge University Press,
_c1997.
300 _a260 pages
650 0 _aPolitical Science.
942 _cENGLISH
040 _aYourLibrary
_beng
_cYourLibrary
999 _c615935
_d615935